<?xml version="1.0" encoding="UTF-8"?>
<collection xmlns="http://www.loc.gov/MARC21/slim">
  <record>
    <leader>00000nam  2200000   4500</leader>
    <controlfield tag="001">INLIS000000000018456</controlfield>
    <controlfield tag="005">20241118100037</controlfield>
    <datafield tag="035" ind1="#" ind2="#">
      <subfield code="a">0010-1124000122</subfield>
    </datafield>
    <controlfield tag="007">ta</controlfield>
    <controlfield tag="008">241118###########################0######</controlfield>
    <datafield tag="245" ind1="#" ind2="#">
      <subfield code="a">Bilingo :</subfield>
      <subfield code="b">Kelompok Belajar Kelas Bilingual Program Studi Manajemen Fakultas Ekonomi dan Bisnis Universitas Khairun /</subfield>
      <subfield code="c">Nikita Astria, S.Ak., M.M</subfield>
    </datafield>
    <datafield tag="260" ind1="#" ind2="#">
      <subfield code="a">Makassar :</subfield>
      <subfield code="b">Puslatbang KMP LAN RI,</subfield>
      <subfield code="c">2024</subfield>
    </datafield>
    <datafield tag="300" ind1="#" ind2="#">
      <subfield code="a">24 ;</subfield>
      <subfield code="c">30</subfield>
    </datafield>
    <datafield tag="650" ind1="#" ind2="4">
      <subfield code="a">Rendahnya antusiasme mahasiswa untuk tetap berada dikelas Bilingaul</subfield>
    </datafield>
    <datafield tag="700" ind1=" " ind2="#">
      <subfield code="a">Dr. Rahmat Sabuhari, S.E., M.Si (Mentor)</subfield>
    </datafield>
    <datafield tag="700" ind1=" " ind2="#">
      <subfield code="a">Mutmainnah, S.Ip., M.Tr. AP (Coach)</subfield>
    </datafield>
    <datafield tag="520" ind1="#" ind2="#">
      <subfield code="a">Karena merupakan program kelas baru hanya beberapa mahasiswa yang menunjukkan minatnya ingin masuk ke kelas yang belajar menggunakan Bahasa selain Bahasa Indonesia. Tren dalam kurun waktu 3 tahun menunjukkan terjadi kenaikan minat masuk ke kelas bilingual setiap tahunnya, namun di saat pembelajaran berlangsung beberapa memilih pindah ke kelas regular atau bahkan berhenti kuliah karena merasa kesulitan dalam memahami materi. Karena merupakan program kelas baru hanya beberapa mahasiswa yang menunjukkan minatnya ingin masuk ke kelas yang belajar menggunakan Bahasa selain Bahasa Indonesia. Tren dalam kurun waktu 3 tahun menunjukkan terjadi kenaikan minat masuk ke kelas bilingual setiap tahunnya, namun di saat pembelajaran berlangsung beberapa memilih pindah ke kelas regular atau bahkan berhenti kuliah karena merasa kesulitan dalam memahami materi.</subfield>
    </datafield>
    <datafield tag="856" ind1="#" ind2="#">
      <subfield code="a">Puslatbang KMP LAN</subfield>
    </datafield>
  </record>
</collection>
